000 00548nam a22002057a 4500
003 OSt
005 20140310182916.0
008 130129t xxu||||| |||| 00| 0 eng d
020 _a9789712721229
050 _aPS 9993
_b.K19 2008
082 _aF899.2101
_b.K19 2008
245 _aThe proxy eros :
_bpoems
_cKatigbak, Mookie.
260 _aManila :
_bAnvil Publishing Inc.,
_cc2008.
300 _axix, 75 p. ;
_c19 cm.
521 _acollege students
526 _c1210L-1700L
541 _j1
562 _e1
942 _2lcc
_cBK
_kFIL
999 _c17292
_d17292